Detalles MARC
| 000 -LÍDER |
| Campo fijo de descripción fija |
02401cam a2200565 i 4500 |
| 001 - NÚMERO DE CONTROL |
| Campo de control |
768714001 |
| 003 - IDENTIFICADOR DEL NÚMERO DE CONTROL |
| Campo de control |
CO-MdFUSB |
| 005 - FECHA Y HORA DE LA ULTIMA TRANSACCIÓN |
| control field |
20211030110546.0 |
| 008 - ELEMENTOS DE LONGITUD FIJA -- INFORMACIÓN GENERAL |
| Campo fijo de descripción fija -- Información general |
090504t20081953sp | |||| 001 0 spa |
| 017 ## - COPYRIGHT OR LEGAL DEPOSIT NUMBER |
| Copyright or legal deposit number |
M 51664-2008 |
| Assigning agency |
Oficina Depósito Legal Madrid |
| 020 ## - NÚMERO INTERNACIONAL NORMALIZADO PARA LIBROS |
| Número Internacional Normalizado del libro |
9788422006060 |
| 040 ## - FUENTE DE CATALOGACIÓN |
| Agencia de catalogación original |
SpMaBN |
| Idioma de catalogación |
spa |
| Agencia que realiza la transcripción |
CO-MdFUSB |
| Convenciones de la descripción |
rda |
| Agencia que realiza la modificación |
CO-MdFUSBC |
| 041 1# - CÓDIGO DE IDIOMA |
| Código de idioma para texto/pista de sonido o título separado |
spa |
| Código de idioma original |
lat |
| 080 ## - UNIVERSAL DECIMAL CLASSIFICATION NUMBER |
| Universal Decimal Classification number |
276(081) Anselmo, Santo, Arzobispo de Canterbury |
| 082 ## - NÚMERO DE CLASIFICACIÓN DECIMAL DEWEY |
| Número de la edición del Dewey |
22 |
| Número de clasificación |
270.3 |
| Clave de autor-Numero de item |
AS816 |
| 100 1# - ASIENTO PRINCIPAL--NOMBRE PERSONAL |
| Nombre personal |
Anselmo, |
| Títulos u otras palabras asociadas al nombre |
Santo, Arzobispo de Canterbury |
| Término relacionador |
autor |
| 245 00 - TÍTULO |
| Título del Material |
Obras completas de San Anselmo |
| Mención de responsabilidad, etc. |
/ texto latino de la edición crítica del P. Schmidt, OSB ; introducción general, versión castellana y notas teológicas sacadas de los comentarios del P. Olivares, OSB, por Julián Alameda, OSB |
| 250 ## - MENCIÓN DE EDICIÓN |
| Mención de edición |
primera edición, |
| Resto de la mención de edición |
segunda impresión |
| 264 #1 - PRODUCCIÓN, PUBLICACIÓN, DISTRIBUCIÓN, MANUFACTURA, Y COPYRIGHT |
| Lugar de producción, publicación, distribución, manufactura |
Madrid |
| Nombre del productor, publicador, distribuidor |
Biblioteca de Autores Cristianos |
| Fecha de producción, publicación, distribución, manufactura, o copyright |
[2008] |
| 264 #4 - PRODUCCIÓN, PUBLICACIÓN, DISTRIBUCIÓN, MANUFACTURA, Y COPYRIGHT |
| Fecha de producción, publicación, distribución, manufactura, o copyright |
© 2008 |
| 300 ## - DESCRIPCIÓN FÍSICA |
| Extensión |
2 volumenes. |
| Dimensiones |
20 cm |
| 336 ## - TIPO DE CONTENIDO |
| Fuente |
rdacontent |
| Término de tipo de contenido |
texto |
| Código de tipo de contenido |
txt |
| 337 ## - TIPO DE MEDIO |
| Fuente |
rdamedia |
| Nombre del tipo de medio |
sin mediación |
| Código del tipo de medio |
n |
| 338 ## - TIPO DE SOPORTE |
| Fuente |
rdacarrier |
| Nombre del tipo de soporte |
volumen |
| Código Tipo de soporte |
nc |
| 490 ## - MENCIÓN DE SERIE |
| Mención de serie |
[BAC Thesaurus] |
| 504 ## - NOTA DE BIBLIOGRAFÍA, ETC. |
| Nota de bibliografía, etc |
Bibliografía: páginas: 180-182. Índices |
| 505 ## - NOTA DE CONTENIDO |
| Información miscelánea |
Tomo 1: |
| Título |
Monologio ; Proslogio ; Acerca del gramático |
| 505 0# - NOTA DE CONTENIDO |
| Información miscelánea |
Tomo 2: |
| Título |
De la concepción virginal y del pecado original ; Sobre la procesión del Espíritu Santo ; Cartas dogmáticas |
| 534 ## - NOTA DE VERSION ORIGINAL |
| Frase introductoria |
Traducida por primera vez al castellano de: |
| Publicación, distribución, etc. del original |
Edición critica del P. Schmidt, osb. |
| 563 ## - NOTA DE ENCUADERNACIÓN |
| Nota de encuadernación |
Pasta dura. |
| 600 07 - ASIENTO SECUNDARIO DE MATERIA - NOMBRE PERSONAL |
| Nombre personal |
Anselmo |
| Títulos y otros términos asociados al nombre |
Santo, Arzobispo de Canterbury |
| Título de la obra |
Obras completas |
| 653 ## - TÉRMINO DE INDIZACIÓN - NO CONTROLADO |
| Término no controlado |
Patrología |
| 653 ## - TÉRMINO DE INDIZACIÓN - NO CONTROLADO |
| Término no controlado |
San Anselmo |
| 700 1# - ASIENTO SECUNDARIO - NOMBRE PERSONAL |
| Nombre personal |
Schmidt |
| 700 1# - ASIENTO SECUNDARIO - NOMBRE PERSONAL |
| Nombre personal |
Olivares |
| 700 1# - ASIENTO SECUNDARIO - NOMBRE PERSONAL |
| Nombre personal |
Alameda, Julián |
| 830 #0 - PUNTO DE ACCESO ADICIONAL DE SERIE - TÍTULO UNIFORME |
| Título uniforme |
BAC Thesaurus |
| Designación de volumen o secuencia |
82, 100 |
| 942 ## - TIPO DE MATERIAL (KOHA) |
| Tipo de Item KOHA |
Libros General |
| 945 ## - INFORMACIÓN LOCAL DEL REGISTRO |
| Catalogador |
Estudiante |
| 956 ## - LOCAL ELECTRONIC LOCATION AND ACCESS (OCLC) |
| Host name |
1 2 |
| 980 ## - EQUIVALENCE OR CROSS-REFERENCE-SERIES STATEMENT--PERSONAL NAME/TITLE [LOCAL, CANADA] |
| Personal name |
M-BN |
| Numeration |
BNALCALA |
| Attribution qualifier |
DLi/37280 |
| Titles and other words associated with a name |
CONSERVACI |
| Field link and sequence number |
1 |
| Personal name |
v. |
| Field link and sequence number |
1.2 |
| Personal name |
2 |
| Field link and sequence number |
0 |
| Personal name |
v. 2 |
| 980 ## - EQUIVALENCE OR CROSS-REFERENCE-SERIES STATEMENT--PERSONAL NAME/TITLE [LOCAL, CANADA] |
| Personal name |
M-BN |
| Numeration |
BNALCALA |
| Attribution qualifier |
AHI/40046 |
| Titles and other words associated with a name |
SG_PETANTI |
| Field link and sequence number |
1 |
| Personal name |
v. |
| Field link and sequence number |
1.2 |
| Personal name |
2 |
| Field link and sequence number |
0 |
| Personal name |
v. 2 |
| 980 ## - EQUIVALENCE OR CROSS-REFERENCE-SERIES STATEMENT--PERSONAL NAME/TITLE [LOCAL, CANADA] |
| Personal name |
M-BN |
| Numeration |
BNALCALA |
| Attribution qualifier |
DL/1778569-DL/1778570 |
| Titles and other words associated with a name |
CONSERVACI |
| Field link and sequence number |
1 |
| Personal name |
v. |
| Field link and sequence number |
1.1 |
| Personal name |
1 |
| Field link and sequence number |
1.2 |
| Personal name |
2 |
| Field link and sequence number |
0 |
| Personal name |
2 v. |
| 980 ## - EQUIVALENCE OR CROSS-REFERENCE-SERIES STATEMENT--PERSONAL NAME/TITLE [LOCAL, CANADA] |
| Personal name |
M-BN |
| Numeration |
BNALCALA |
| Attribution qualifier |
AHMO/443676-AHMO/443677 |
| Titles and other words associated with a name |
SG_PETANTI |
| Field link and sequence number |
1 |
| Personal name |
v. |
| Field link and sequence number |
1.1 |
| Personal name |
1 |
| Field link and sequence number |
1.2 |
| Personal name |
2 |
| Field link and sequence number |
0 |
| Personal name |
2 v. |
| 980 ## - EQUIVALENCE OR CROSS-REFERENCE-SERIES STATEMENT--PERSONAL NAME/TITLE [LOCAL, CANADA] |
| Personal name |
M-BN |
| Numeration |
BNALCALA |
| Form subheading |
SA |
| Medium |
276 |
| Titles and other words associated with a name |
REF_SALON |
| Field link and sequence number |
1 |
| Personal name |
v. |
| Field link and sequence number |
1.1 |
| Personal name |
1 |
| Field link and sequence number |
1.2 |
| Personal name |
2 |
| Field link and sequence number |
0 |
| Personal name |
2 v. |